|
|
|
|
| LEADER |
00000nam0a2200000 4500 |
| 001 |
52418 |
| 005 |
20231031041551.0 |
| 035 |
|
|
|a (RuTPU)RU\TPU\book\54926
|
| 090 |
|
|
|a 52418
|
| 100 |
|
|
|a 20030529d1982 km y0rusy50 ca
|
| 101 |
0 |
|
|a rus
|
| 102 |
|
|
|a RU
|
| 105 |
|
|
|a a z 001zy
|
| 200 |
1 |
|
|a Эффективные способы охлаждения силовых полупроводниковых приборов
|f А. И. Исакеев, И. Г. Киселев, В. В. Филатов
|
| 210 |
|
|
|a Ленинград
|c Энергоатомиздат
|d 1982
|
| 215 |
|
|
|a 137 с.
|c ил.
|
| 320 |
|
|
|a Библиогр.: с. 135-136.
|
| 610 |
1 |
|
|a преобразовательная техника
|
| 610 |
1 |
|
|a полупроводниковые преобразователи
|
| 610 |
1 |
|
|a силовые полупроводниковые преобразователи
|
| 610 |
1 |
|
|a охлаждение
|
| 610 |
1 |
|
|a охлаждающие устройства
|
| 610 |
1 |
|
|a эффективность
|
| 610 |
1 |
|
|a испарители
|
| 610 |
1 |
|
|a тепловой расчет
|
| 610 |
1 |
|
|a конструирование
|
| 675 |
|
|
|a 621.314.63
|v 3
|
| 700 |
|
1 |
|a Исакеев
|b А. И.
|g Анатолий Иванович
|
| 701 |
|
1 |
|a Киселев
|b И. Г.
|g Игорь Георгиевич
|
| 701 |
|
1 |
|a Филатов
|b В. В.
|g Василий Васильевич
|
| 801 |
|
1 |
|a RU
|b 63413507
|c 20030529
|g PSBO
|
| 801 |
|
2 |
|a RU
|b 63413507
|c 20160603
|g PSBO
|
| 942 |
|
|
|c BK
|